000
00317nam a22001337a 4500
008
170504b xxu||||| |||| 00| 0 eng d
020
_a
9780316811132
041
_a
eng
080
_a
34
100
_a
13
101
_a
SHJ
245
_a
JURY SELECTION SAMPLE VAIR DIRE QUESTITIONS
_c
STARRR.V.H
942
_2
udc
_c
BK
999
_c
12607
_d
12607